Personnages mercredi saison 2 - Statistiques

Statistiques générales
  • Ce quiz a été pris 51 fois
  • Le résultat moyen est 9 sur 12
Statistiques - réponses
Par images Réponse % Correct
La chose
95%
Mercredi
95%
Pugsley Addams
95%
Agnes DeMille
92%
Enid
90%
Hyde
87%
Tyler
82%
Bruno yuson
79%
Isaac hacelos
72%
Principal dort
62%
Isadora capri
49%
Françoise glapin
0%
Aucun quiz correspondant
Distribution des résultats
% des personnes avec chaque résultat
Percentile par nombre de réponses
Votre historique - résultats
Vous n’avez pas pris ce quiz